ASME 2016 International Mechanical Engineering Congress and Exposition - Volume 4B: Dynamics, Vibration, and Control

Podrobná bibliografie
Médium: Elektronický zdroj Časopis
Jazyk:English
Vydáno: ASME
On-line přístup:Full text available on ASME[2016-2016]
Off-campus access
LEADER 01009cas a2200181 a 4500
001 AALConferenceProceedingsASME000982
008 230101c9999 xx r poo 0 0eng d
020 |a 978-0-7918-5055-8 
040 |a BD-DhAAL  |c BD-DhAAL 
245 0 0 |h [electronic resource]  |a ASME 2016 International Mechanical Engineering Congress and Exposition - Volume 4B: Dynamics, Vibration, and Control 
260 |b ASME 
300 |a 1 online resource 
500 |a <strong>Off-Campus Access:</strong> Athens ID and Password Required 
500 |a <strong>On-Campus Access:</strong> No User ID or Password Required 
506 |a Electronic access restricted to authorized BRAC University faculty, staff and students 
538 |a Mode of access: Internet 
856 4 0 |z Full text available on ASME[2016-2016]  |u https://asmedigitalcollection.asme.org/IMECE/IMECE2016/volume/50558 
856 4 0 |z Off-campus access  |u https://go.openathens.net/redirector/bracu.ac.bd?url=https%3A%2F%2Fasmedigitalcollection.asme.org%2FICEF%2FICEF2021%2Fvolume%2F85512